| 000 | 00621nam a2200205 a 4500 | ||
|---|---|---|---|
| 005 | 20210223122427.0 | ||
| 008 | 991125s1978 lon 000 0 eng u | ||
| 020 | _a0333244974 | ||
| 035 | _aUPN01000035396 | ||
| 049 | _aCG | ||
| 050 | 4 |
_aLB1027 _bD3.4 |
|
| 100 | 1 | _aDalin, Per | |
| 245 | 1 | 0 |
_aLimts to educational change / _cPer Dalin. |
| 260 |
_aLondon : _bMacMillan, _c1978. |
||
| 300 | _a112 p. | ||
| 440 | 0 | _aEtudies on education in change | |
| 500 | _aPatrocinado por: The International Movement Towards Educational Change | ||
| 650 | 4 |
_aEDUCACION - _xINNOVACIONES - _xASPECTOS SOCIALES _916734 |
|
| 905 | _aLibro | ||
| 999 |
_c35396 _d35396 |
||